All 50k+ Cities in Denmark - Statistics

General Stats
  • This quiz has been taken 38 times
  • The average score is 9 of 12
Answer Stats
Clue Population City/Towns % Correct
A 121,878 Aalborg
100%
O 185,049 Odense
100%
A 301,049 Aarhus
97%
C 1,396,508 Copenhagen
97%
E 71,554 Esbjerg
88%
R 53,354 Roskilde
76%
R 64,511 Randers
73%
H 64,418 Horsens
70%
V 62,011 Vejle
70%
K 63,645 Kolding
67%
S 52,571 Silkeborg
45%
H 51,782 Herning
42%
No matching quizzes found
Score Distribution
Percent of People with Each Score
Percentile by Number Answered
Your Score History
You have not taken this quiz